000 00301nam a22001337a 4500
008 181015b xxu||||| |||| 00| 0 eng d
020 _a9780335218349
041 _aeng
080 _a610
100 _a4
101 _aSHM
245 _aIntroduction To Health Economic
_cNick.B
942 _2udc
_cBK
999 _c49655
_d49655